00500 a2200145 4500010001400000020001000014035001300024037001500037082000800052100001600060245009100076260005700167270010000224300003000324 aENG-86999 c70.00 aEN-70532 bDBAD / PUB14a4251 aAppuraj, B.1 aAn easy guide to english grammer :cby B.Appurajbinnovative with Tamil explanations / aArakkonam (Tamilnadu)bThannmathy Pathippagamc2006 aD-2/6, Ramco Staff Quarters, WinterpetbArakkoname631 005k04177-226601, 9443800276cTamilnadu aV. II (181p)c21 cm (Pbk)